Neplatné skončenie pracovného pomeru a príklady z praxe

Dohoda o skončení pracovného pomeru. Výpoveď zo strany zamestnávateľa. Skončenie pracovného pomeru v skúšobnej dobe. Okamžité skončenie pracovného pomeru zo strany zamestnávateľa. Neplatnosť skončenia pracovného pomeru. Žaloba o určenie neplatnosti skončenia pracovného pomeru.

Guardado en:
Detalles Bibliográficos
Autor principal: Gejdošová, Slavomíra
Formato: Capítulo de libro
Lenguaje:eslovaco
Materias:
Etiquetas: Agregar Etiqueta
Sin Etiquetas, Sea el primero en etiquetar este registro!

MARC

LEADER 00000naa a2200000 4500
001 0209373
005 20231109105615.3
041 0 |a slo 
044 |a SK 
245 1 0 |a Neplatné skončenie pracovného pomeru a príklady z praxe  |c Slavomíra Gejdošová 
520 |a Dohoda o skončení pracovného pomeru. Výpoveď zo strany zamestnávateľa. Skončenie pracovného pomeru v skúšobnej dobe. Okamžité skončenie pracovného pomeru zo strany zamestnávateľa. Neplatnosť skončenia pracovného pomeru. Žaloba o určenie neplatnosti skončenia pracovného pomeru. 
610 2 0 |a právo pracovné 
610 2 0 |a vzťahy pracovnoprávne 
610 2 0 |a pomer pracovný 
610 2 0 |a výpoveď 
610 2 0 |a dohody 
610 2 0 |a skončenie pomeru pracovného 
610 2 0 |a súdy 
610 2 0 |a zákonník práce 
100 1 |a Gejdošová, Slavomíra